00881nam a2200229 a 4500001001000000003000500010005001700015008004100032010001100073011001100084040000900095100003800104245015800142260004100300500006000341502010200401650001600503650002100519650002500540650001600565856007000581000109015CHAP20220329144034.0140328s2013 mx a |sm |||||||spa|d a105477 a106449 cCHAP1 aVázquez Estrada, Cesar Giovanny10aAnálisis de rentabilidad del vertedor de la presa Juan Sabines Mpio. La Concordia, Edo. de Chiapash[En línea]cpor Cesar Giovanny Vázquez Estrada. aChapingo, Méx. :bEl autor,c2013. aPara ver el contenido del material haga clic en la liga aTesis (Lic. en Economía Agrícola) -- UACH. División de Ciencias Económico Administrativas14aCompuertas.14aPresaszChiapas.14aProyectosxDiseño.14aVertedores. aFinding aiduhttp://10.13.5.2/tesis/sist109015.pdfzTeclea aquí